| 000 | 00720nab a2200229u 4500 | ||
|---|---|---|---|
| 001 | 16689 | ||
| 003 | HDC | ||
| 007 | c| |||a|c|aaaa | ||
| 008 | 210220b20140507my ||||| |||| 00| 0 may d | ||
| 040 | _aHDC | ||
| 245 | 0 | _a1,748 usahawan daftar My Best Buy | |
| 336 |
_atext _2rdacontent |
||
| 337 |
_acomputer _2rdamedia |
||
| 338 |
_aonline resource _2rdacarrier |
||
| 650 |
_aMy Best Buy program _916402 |
||
| 650 |
_aregistered entrepreneur _916403 |
||
| 710 | _aBERITA HARIAN | ||
| 856 | _zRequest full-text at [email protected] | ||
| 942 | _2lcc | ||
| 942 | _cNEWS | ||
| 942 | _kNWSC 004919 | ||
| 999 |
_c14005 _d14005 |
||